LEADER 03956nam 22009615 450 001 9910782563603321 005 20200424112023.0 010 $a1-281-75271-1 010 $a1-4356-8481-8 010 $a9786611752712 010 $a0-520-94253-1 024 7 $a10.1525/9780520942530 035 $a(CKB)1000000000576800 035 $a(EBL)358940 035 $a(OCoLC)560506205 035 $a(SSID)ssj0000196287 035 $a(PQKBManifestationID)11178738 035 $a(PQKBTitleCode)TC0000196287 035 $a(PQKBWorkID)10141879 035 $a(PQKB)11061023 035 $a(StDuBDS)EDZ0000055756 035 $a(MiAaPQ)EBC358940 035 $a(OCoLC)437222515 035 $a(MdBmJHUP)muse30527 035 $a(DE-B1597)519035 035 $a(DE-B1597)9780520942530 035 $a(EXLCZ)991000000000576800 100 $a20200424h20082008 fg 101 0 $aeng 135 $aur|n|---||||| 181 $ctxt 182 $cc 183 $acr 200 10$aMalformed Frogs $eThe Collapse of Aquatic Ecosystems /$fMichael Lannoo 210 1$aBerkeley, CA : $cUniversity of California Press, $d[2008] 210 4$dİ2008 215 $a1 online resource (294 p.) 300 $aDescription based upon print version of record. 311 $a0-520-25588-7 320 $aIncludes bibliographical references and index. 327 $tFrontmatter -- $tContents -- $tPreface -- $tAcknowledgments -- $tIntroduction -- $t1. What is an Amphibian Malformation? -- $t2. Malformed Frog Types -- $t3. Hotspots -- $t4. Causes -- $t5. Resolutions -- $t6. Human Malformations and Causes -- $t7. Solutions -- $tSpecies Affected -- $tNotes -- $tIndex 330 $aThe widespread appearance of frogs with deformed bodies has generated much press coverage over the past decade. Frogs with extra limbs or digits, missing limbs or digits, or misaligned appendages raise an alarming question: "Are deformed humans next?" Taking a fresh look at this disturbing environmental problem, this reference provides a balanced overview of the science behind the malformed frog phenomenon. Bringing together data from ecology, parasitology, and other disciplines, Michael Lannoo considers the possible causes of these deformities, tells which frogs have been affected, and addresses questions about what these malformations might mean to human populations. Featuring high-quality radiographic images, Malformed Frogs suggests that our focus should be on finding practical solutions, a key component of which will be controlling chemical, nutrient, and pesticide runoff into wetlands. 606 $aFrogs$xResearch 606 $aFrogs$xAbnormalities 608 $aElectronic books. 610 $aaquatic ecosystems. 610 $achemical runoff. 610 $acollapsed ecosystems. 610 $adeformed animals. 610 $adeformity. 610 $aecology. 610 $aenvironmental conservation protection. 610 $aenvironmental problems. 610 $aevolution. 610 $aextra digits. 610 $aextra limbs. 610 $afrogs. 610 $ahealthy ecosystems. 610 $ahuman populations. 610 $alife sciences. 610 $amalformed frogs. 610 $amisaligned legs. 610 $amissing digits. 610 $amissing limbs. 610 $anatural phenomenon. 610 $anonfiction. 610 $anutrients. 610 $aparasitology. 610 $apesticide runoff. 610 $apractical solutions. 610 $aradiographic images. 610 $ascientists. 610 $awetland ecology. 615 0$aFrogs$xResearch. 615 0$aFrogs$xAbnormalities. 676 $a571.9/51789 700 $aLannoo$b Michael, $4aut$4http://id.loc.gov/vocabulary/relators/aut$01500381 801 0$bDE-B1597 801 1$bDE-B1597 906 $aBOOK 912 $a9910782563603321 996 $aMalformed Frogs$93727037 997 $aUNINA LEADER 04301nam 2201153z- 450 001 9910557297403321 005 20250829223933.0 035 $a(CKB)5400000000041065 035 $a(oapen)https://directory.doabooks.org/handle/20.500.12854/68509 035 $a(oapen)doab68509 035 $a(EXLCZ)995400000000041065 100 $a20202105d2021 |y 0 101 0 $aeng 135 $aurmn|---annan 181 $ctxt$2rdacontent 182 $cc$2rdamedia 183 $acr$2rdacarrier 200 00$aChild Injury and the Determinants of Health 210 $aBasel, Switzerland$cMDPI - Multidisciplinary Digital Publishing Institute$d2021 215 $a1 online resource (150 p.) 311 08$a3-0365-0600-4 311 08$a3-0365-0601-2 330 $aThe World Health Organization recognizes that injuries are the leading cause of death and disability to children after their first birthday. There is also high morbidity associated with injuries sustained in childhood, often affecting people for the rest of their lives. For every child who dies from injury, there are several thousand who require medical care, many who live with varying degrees of disability. Children and adolescents (0-19 years of age) are at increased risk of mortality and morbidity due to injuries such as road traffic, burns, falls, poisoning, drowning, self-harm and interpersonal violence. There are proven ways to prevent many child injuries, yet there are still gaps in our knowledge. By understanding the impact of determinants of health (i.e., the social and economic environment, the physical environment and a person's individual characteristics and behaviors), effective prevention interventions can be designed and implemented, with a high return on investment. This Special Issue covers an eclectic range of studies, the common goal of which is to reduce the global burden of child injury-related mortality and morbidity. 606 $aHumanities$2bicssc 606 $aSocial interaction$2bicssc 610 $aadolescent 610 $aagriculture 610 $achild 610 $achild health 610 $achild-play 610 $achildren 610 $adeterminants of health 610 $adrowning 610 $aepidemiology 610 $aexercise 610 $afalls 610 $afarm 610 $aFMSTM 610 $aforce-angle relationship 610 $afunctional movement 610 $afundamental movement patterns 610 $agender difference 610 $aGlobal Burden of Disease 610 $agrowth spurt 610 $aimplementation science 610 $aIndia 610 $ainjury 610 $ainjury prevention 610 $ainstitutionalized child 610 $aintervention 610 $aisokinetic muscle strength 610 $alife jacket 610 $alow-and middle-income country 610 $amaturation 610 $amaximal voluntary contraction 610 $amobile phone 610 $amortality 610 $amultisector 610 $amuscle-tendon unit 610 $amusculoskeletal injury 610 $aoccupational injury 610 $aoral manifestations 610 $apoisoning 610 $apolicy 610 $apreventative medicine 610 $aprevention 610 $aprotective factors 610 $apubescence 610 $aqualitative research 610 $arisk behaviors 610 $arisk factor 610 $arisk factors 610 $aroad traffic injury 610 $arurality 610 $asafety 610 $aself-harm 610 $aself-injurious behavior 610 $asocial determinants 610 $asocio-economic 610 $asports 610 $astakeholder 610 $asupervision 610 $aswimming ability 610 $aswimming lessons 610 $atransport 610 $aviolence 610 $awater 610 $awater safety 610 $awork 615 7$aHumanities 615 7$aSocial interaction 700 $aPeden$b Amy$4edt$01320362 702 $aFranklin$b Richard$4edt 702 $aPeden$b Amy$4oth 702 $aFranklin$b Richard$4oth 906 $aBOOK 912 $a9910557297403321 996 $aChild Injury and the Determinants of Health$93034189 997 $aUNINA LEADER 01904oas 2200757 a 450 001 9910132871103321 005 20251208213017.0 011 $a1469-803X 035 $a(DE-599)ZDB2021816-3 035 $a(DE-599)2021816-3 035 $a(OCoLC)45275830 035 $a(CONSER) 2008233306 035 $a(CKB)954925341736 035 $a(EXLCZ)99954925341736 100 $a20001102a19839999 sy a 101 0 $aeng 135 $aurcnu|||||||| 181 $ctxt$2rdacontent 182 $cc$2rdamedia 183 $acr$2rdacarrier 200 10$aLaser and particle beams 210 $aCambridge $cCambridge University Press 215 $a1 online resource 300 $aRefereed/Peer-reviewed 311 08$a0263-0346 606 $aLaser beams$vPeriodicals 606 $aParticle beams$vPeriodicals 606 $aFaisceaux laser$vPe?riodiques 606 $aFaisceaux de particules$vPe?riodiques 606 $aLaser beams$2fast$3(OCoLC)fst00992781 606 $aParticle beams$2fast$3(OCoLC)fst01054068 608 $aPeriodicals.$2fast 608 $aPeriodicals.$2lcgft 615 0$aLaser beams 615 0$aParticle beams 615 6$aFaisceaux laser 615 6$aFaisceaux de particules 615 7$aLaser beams. 615 7$aParticle beams. 676 $a535.58 712 02$aCambridge University Press, 801 0$bCSL 801 1$bCSL 801 2$bOCLCQ 801 2$bF#A 801 2$bGUA 801 2$bOCLCQ 801 2$bOCLCF 801 2$bOCLCO 801 2$bOCLCQ 801 2$bDLC 801 2$bOCLCO 801 2$bUKMGB 801 2$bVT2 801 2$bOCLCQ 801 2$bUAB 801 2$bQGK 801 2$bAU@ 801 2$bOCLCL 801 2$bUBY 801 2$bOCLCQ 801 2$bU3W 906 $aJOURNAL 912 $a9910132871103321 996 $aLaser and particle beams$91899882 997 $aUNINA